| 000 | 00766nam a2200217 a 4500 | ||
|---|---|---|---|
| 005 | 20240618063658.0 | ||
| 008 | 050304s1998 es r 000 0 spa d | ||
| 020 | _a8472781909 | ||
| 035 | _aUPN01000137785 | ||
| 049 | _aI | ||
| 050 | 4 |
_aLB1139 W7 _bC6.6 |
|
| 245 | 0 | 0 |
_aCoordinación grafo-motriz. Escritura y ortografía : _bseguimiento 2.7 / _cDepartamento de Investigación I.C.C.E ; il. Javier Aznar Serrano. |
| 260 |
_aMadrid : _bICCE, _c1998. |
||
| 300 |
_a111 p. : _bil. |
||
| 440 | 0 | _aRefuerzo y desarrollo de habilidades mentales básicas | |
| 650 | 0 |
_aEscritura _xEnseñanza correctiva _913110 |
|
| 650 | 4 |
_aCOORDINACION OCULO-MANUAL _912427 |
|
| 650 | 4 |
_aEscritura _xEstudio y enseñanza (Elemental) _92804 |
|
| 905 | _aInfantil | ||
| 999 |
_c109936 _d109936 |
||